Normal view
MARC view
Entry Personal Name
001 - CONTROL NUMBER
- control field: 17526
003 - CONTROL NUMBER IDENTIFIER
- control field: BD-RjUL
005 - DATE AND TIME OF LATEST TRANSACTION
- control field: 20251215115720.0
008 - FIXED-LENGTH DATA ELEMENTS
- fixed length control field: 251215|| aca||aabn | a|a d
040 ## - CATALOGING SOURCE
- Original cataloging agency: BD-RjUL
- Transcribing agency: BD-RjUL
100 ## - HEADING--PERSONAL NAME
- Personal name: Graves, Robert,
- Dates associated with a name: 1895-1985
670 ## - SOURCE DATA FOUND
- Source citation: Work cat.: (BD-RjUL)86048: Graves, Robert, 1895-1985., I, Claudius :, 1953 [reprinted 1955]